000 00267nam a2200109Ia 4500
008 200302s9999 xx 000 0 und d
100 _aSujit Mishra
245 _aArchitectural Style and Design
260 _bCyber tech Publications
260 _c2015
300 _a256 P.,
999 _c3821
_d3821